[Event "GER-chT U14"]
[Site "Duesseldorf"]
[Date "2016.12.27"]
[Round "1.4"]
[White "Kroemer, Alexander"]
[Black "Ning, Felix"]
[Result "1/2-1/2"]
[WhiteElo "1453"]
[BlackElo "1637"]
[PlyCount "72"]
[EventDate "2016.12.27"]
[EventType "team-swiss"]
[EventRounds "7"]
[EventCountry "GER"]
[SourceTitle "EXT 2018"]
[Source "ChessBase"]
[SourceDate "2017.10.13"]
[SourceVersion "1"]
[SourceVersionDate "2017.10.13"]
[SourceQuality "1"]
[WhiteTeam "Kassel Caissa U14"]
[BlackTeam "Karlsruhe SF U14"]
[WhiteTeamCountry "GER"]
[BlackTeamCountry "GER"]

1. e4 c5 2. Nf3 Nc6 3. d4 cxd4 4. Nxd4 Nf6 5. Nc3 g6 6. Bc4 Bg7 7. Be3 d6 8. h3 0-0 9. Bb3 Bd7 10. 0-0 Na5 11. f4 Nxb3 12. Nxb3 Bc6 13. Qd3 Nh5 14. f5 Ng3 15. Rf4 Be5 16. Rg4 h5 17. Rg5 Bxc3 18. Rxg3 Bxb2 19. Rf1 Be5 20. Rgf3 Qc7 21. Bh6 Qb6+ 22. Kh1 Rfc8 23. fxg6 fxg6 24. Qc4+ Kh7 25. Be3 Qc7 26. Qf7+ Bg7 27. Rg3 Bxe4 28. Qe6 d5 29. Rf7 Qxg3 30. Rxg7+ Kxg7 31. Qxe7+ Kg8 32. Qe6+ Kh8 33. Qf6+ Kg8 34. Qe6+ Kg7 35. Qe7+ Kg8 36. Qe6+ Kg7 1/2-1/2

[Event "GER-ch U25 op-B"]
[Site "Willingen"]
[Date "2015.05.30"]
[Round "9"]
[White "Ning, Felix"]
[Black "Hoppe, Nico"]
[Result "1-0"]
[WhiteElo "1507"]
[BlackElo "1086"]
[PlyCount "103"]
[EventDate "2015.05.24"]
[EventType "swiss"]
[EventRounds "9"]
[EventCountry "GER"]
[SourceTitle "CBM 166 Extra"]
[Source "ChessBase"]
[SourceDate "2015.06.18"]
[SourceVersion "1"]
[SourceVersionDate "2015.06.18"]
[SourceQuality "1"]

1. d4 d5 2. c4 c6 3. Nc3 Nf6 4. Nf3 dxc4 5. e3 b5 6. a4 b4 7. Nb1 c3 8. bxc3 bxc3 9. Nxc3 Bf5 10. Bc4 e6 11. 0-0 Bb4 12. Bd2 Bxc3 13. Bxc3 Ne4 14. Bb4 Nd7 15. a5 Rb8 16. Qa4 Ng5 17. Nxg5 Qxg5 18. Bd6 Be4 19. f3 Rb2 20. Bg3 Qxe3+ 21. Bf2 Bxf3 22. gxf3 Qg5+ 23. Kh1 Qf4 24. Qxc6 Ke7 25. Bg3 Qxd4 26. Rad1 Rd2 27. Rxd2 Qxd2 28. Bh4+ Nf6 29. Qc7+ Qd7 30. Qxd7+ Kxd7 31. Rg1 Nh5 32. Bb5+ Kd6 33. Rd1+ Kc5 34. Rb1 Rb8 35. Bf2+ Kd6 36. Bxa7 Ra8 37. Bb6 Nf6 38. Rc1 Nd5 39. Bc5+ Ke5 40. a6 Nc7 41. Bd3 Nxa6 42. Be4 Rd8 43. Be3 f5 44. Bb7 Nb4 45. f4+ Kf6 46. Bb6 Rd7 47. Bc8 Rd6 48. Bf2 h6 49. Bc5 Nd3 50. Bxd6 Nxc1 51. Ba6 g5 52. Bc4 1-0

[Event "GER-ch U12"]
[Site "Magdeburg"]
[Date "2014.06.09"]
[Round "3"]
[White "Ning, Felix"]
[Black "Roseneck, Jonas"]
[Result "0-1"]
[WhiteElo "1491"]
[BlackElo "1814"]
[PlyCount "72"]
[EventDate "2014.06.08"]
[EventType "swiss"]
[EventRounds "11"]
[EventCountry "GER"]
[SourceTitle "CBM 160 Extra"]
[Source "ChessBase"]
[SourceDate "2014.07.01"]
[SourceVersion "1"]
[SourceVersionDate "2014.07.01"]
[SourceQuality "1"]

1. d4 Nf6 2. c4 g6 3. Nc3 Bg7 4. e4 d6 5. Nf3 0-0 6. Be2 e5 7. dxe5 dxe5 8. Qxd8 Rxd8 9. Bg5 Nbd7 10. Nd5 c6 11. Nc3 Re8 12. 0-0 Nc5 13. Nd2 Ne6 14. Be3 Nd4 15. Bd1 Nd7 16. Nb3 Nf8 17. Ne2 Nfe6 18. a4 Bd7 19. Na5 Nc5 20. b4 Nxe4 21. Nxb7 Rab8 22. f3 Rxb7 23. fxe4 Rxb4 24. c5 Nxe2+ 25. Bxe2 Rxe4 26. Ra3 Bg4 27. Ba6 Bc8 28. Be2 Bf8 29. Bf3 Rxe3 30. Rxe3 Bxc5 31. Kf2 e4 32. Bd1 Rd8 33. Be2 Rd2 34. Rc1 Bd4 35. Rxc6 Bg4 36. Kg3 Bd7 0-1

[Event "Baden-ch U12"]
[Site "Ettlingen"]
[Date "2014.01.04"]
[Round "3"]
[White "Ehmann, Johanna"]
[Black "Ning, Felix"]
[Result "1-0"]
[WhiteElo "1256"]
[BlackElo "1418"]
[PlyCount "57"]
[EventDate "2014.01.??"]
[EventType "swiss"]
[EventRounds "7"]
[EventCountry "GER"]
[SourceTitle "EXT 2022"]
[Source "ChessBase"]
[SourceDate "2021.10.06"]
[SourceVersion "1"]
[SourceVersionDate "2021.10.06"]
[SourceQuality "1"]

1. e4 c5 2. Nf3 g6 3. d4 cxd4 4. Nxd4 Bg7 5. Nc3 Nc6 6. Be3 Nf6 7. f3 0-0 8. Qd2 d5 9. 0-0-0 e5 10. Nxc6 bxc6 11. exd5 cxd5 12. Nxd5 Be6 13. Bc4 Kh8 14. Bg5 e4 15. Nxf6 Bxf6 16. Qxd8 Bxd8 17. Bxd8 Raxd8 18. Bxe6 Rxd1+ 19. Rxd1 fxe6 20. fxe4 Rf4 21. Rd4 Rf1+ 22. Rd1 Rf2 23. c4 Rxg2 24. c5 Rg5 25. b4 Rg4 26. Rd4 e5 27. c6 exd4 28. c7 Rg1+ 29. Kd2 1-0